To predict the past (Record no. 72505)

MARC details
000 -LEADER
fixed length control field 01393cam a2200277 4500
001 - CONTROL NUMBER
control field ABS66628
008 - FIXED-LENGTH DATA ELEMENTS--GENERAL INFORMATION
fixed length control field 030415n2003 000 0 eng u
035 ## - SYSTEM CONTROL NUMBER
System control number (Sirsi) u122008
100 ## - MAIN ENTRY--PERSONAL NAME
Personal name Nixon, T.
245 ## - TITLE STATEMENT
Title To predict the past
260 ## - PUBLICATION, DISTRIBUTION, ETC.
Date of publication, distribution, etc. 2003
490 ## - SERIES STATEMENT
Series statement Estates Gazette
Volume/sequential designation (0312) 22 March 2003, 116-118(3)
520 ## - SUMMARY, ETC.
Summary, etc. First part "To predict the past" looks at how technology can help developers avoid costly surprises when ancient remains are found on a development site. Encourages the use of predictive databases, such as the Sites and Monuments Record, and global positioning systems. It also recommends the development of good communication between professionals, the utilisation of risk appraisal systems and putting details online. Second part "Can you dig what we say?" deals with revised guidelines on archaeology Planning Policy Statement PPS15 which will combine the guidance of PPG15 and PPG16 so that archaeology becomes an integral part of every planning application.
590 ## - LOCAL NOTE (RLIN)
Local note ABS
650 ## - SUBJECT ADDED ENTRY--TOPICAL TERM
Topical term or geographic name entry element ARCHAEOLOGICAL SITES
650 ## - SUBJECT ADDED ENTRY--TOPICAL TERM
Topical term or geographic name entry element PPG15
650 ## - SUBJECT ADDED ENTRY--TOPICAL TERM
Topical term or geographic name entry element PPG16
650 ## - SUBJECT ADDED ENTRY--TOPICAL TERM
Topical term or geographic name entry element PLANNING POLICY STATEMENT 15
650 ## - SUBJECT ADDED ENTRY--TOPICAL TERM
Topical term or geographic name entry element GPS
650 ## - SUBJECT ADDED ENTRY--TOPICAL TERM
Topical term or geographic name entry element GLOBAL POSITIONING SYSTEMS
650 ## - SUBJECT ADDED ENTRY--TOPICAL TERM
Topical term or geographic name entry element SITES AND MONUMENTS RECORD
650 ## - SUBJECT ADDED ENTRY--TOPICAL TERM
Topical term or geographic name entry element ANCIENT REMAINS
690 ## - LOCAL SUBJECT ADDED ENTRY--TOPICAL TERM (OCLC, RLIN)
Topical term or geographic name as entry element ENVIRONMENTAL AND LAND CONSULTANCY-PLANNING AND DEVELOPMENT
700 ## - ADDED ENTRY--PERSONAL NAME
Personal name Allen, C.
942 ## - ADDED ENTRY ELEMENTS (KOHA)
Suppress in OPAC 0
Holdings
Withdrawn status Lost status Source of classification or shelving scheme Damaged status Not for loan Home library Current library Shelving location Date acquired Total Checkouts Full call number Barcode Date last seen Copy number Price effective from Koha item type
    Dewey Decimal Classification     London London Journal article 15/04/2003   ABS66628 122008-1001 06/08/2019 1 06/08/2019 Journal article